民族主义 (英汉双语) (Record no. 21307)
[ view plain ]
| 000 -LEADER | |
|---|---|
| fixed length control field | 00879nam a2200277Ia 4500 |
| 003 - CONTROL NUMBER IDENTIFIER | |
| control field | OSt |
| 005 - DATE AND TIME OF LATEST TRANSACTION | |
| control field | 20201006160502.0 |
| 008 - FIXED-LENGTH DATA ELEMENTS--GENERAL INFORMATION | |
| fixed length control field | 200826s9999||||xx |||||||||||||| ||und|| |
| 020 ## - INTERNATIONAL STANDARD BOOK NUMBER | |
| International Standard Book Number | 7500138814 |
| 020 ## - INTERNATIONAL STANDARD BOOK NUMBER | |
| International Standard Book Number | 9787500138815 |
| 040 ## - CATALOGING SOURCE | |
| Transcribing agency | GETS |
| 041 ## - LANGUAGE CODE | |
| Language code of text/sound track or separate title | chi |
| Language code of original | eng |
| 050 ## - LIBRARY OF CONGRESS CALL NUMBER | |
| Classification number | JC311 |
| Item number | .T26 2014 |
| 100 ## - MAIN ENTRY--PERSONAL NAME | |
| Personal name | Tagore, Rabindranath |
| 245 #0 - TITLE STATEMENT | |
| Title | 民族主义 (英汉双语) |
| Remainder of title | = Nationalism / |
| Statement of responsibility, etc. | 拉宾德拉纳特·泰戈尔 (Rabindranath Tagore) 著; 刘涵汉译 |
| 246 ## - VARYING FORM OF TITLE | |
| Title proper/short title | 民族主義 (英漢雙語) |
| Remainder of title | =Nationalism/ |
| 260 ## - PUBLICATION, DISTRIBUTION, ETC. | |
| Place of publication, distribution, etc. | 北京市 : |
| Name of publisher, distributor, etc. | 中国对外翻译出版有限公司, |
| Date of publication, distribution, etc. | 2014 |
| 300 ## - PHYSICAL DESCRIPTION | |
| Extent | 175 p. |
| Other physical details | ; |
| Dimensions | 18 cm. |
| 500 ## - GENERAL NOTE | |
| General note | Translation of: Nationalism. |
| 650 ## - SUBJECT ADDED ENTRY--TOPICAL TERM | |
| Topical term or geographic name entry element | Nationalism -- Japan. |
| 650 ## - SUBJECT ADDED ENTRY--TOPICAL TERM | |
| Topical term or geographic name entry element | Nationalism. |
| 650 ## - SUBJECT ADDED ENTRY--TOPICAL TERM | |
| Topical term or geographic name entry element | Nationalities, Principle of. |
| 700 ## - ADDED ENTRY--PERSONAL NAME | |
| Personal name | 刘涵汉 |
| 700 ## - ADDED ENTRY--PERSONAL NAME | |
| Personal name | 拉宾德拉纳特·泰戈尔 |
| 942 ## - ADDED ENTRY ELEMENTS (KOHA) | |
| Koha item type | Chinese Book |
| Withdrawn status | Lost status | Damaged status | Not for loan | Home library | Current library | Shelving location | Date acquired | Total Checkouts | Full call number | Barcode | Date last seen | Price effective from | Koha item type |
|---|---|---|---|---|---|---|---|---|---|---|---|---|---|
| GETS Theological Seminary Library | GETS Theological Seminary Library | General Stacks | 08/26/2020 | JC311 .T26 2014 | 00008926 | 08/26/2020 | 08/26/2020 | Chinese Book |